| 000 | 00932nam a2200229 a 4500 | ||
|---|---|---|---|
| 001 | 47641 | ||
| 003 | BD-RjUL | ||
| 005 | 20211209054346.0 | ||
| 008 | 160809s1999 B a|||| |b|| 001 0 eng d | ||
| 020 | _c:TK. 160.00 | ||
| 035 | _a(BD-RjUL)47760 | ||
| 040 |
_aBD-RjUL _beng _cBD-RjUL |
||
| 041 | _aeng | ||
| 082 |
_223 _a398.2095492 _bISM 1999 |
||
| 100 | 1 |
_aইসলাম, সৈয়দ আমিনুল _9144776 |
|
| 245 | 1 | 0 |
_aমেহেরপুরের লোক সাহিত্য / _cসৈয়দ আমিনুল ইসলাম |
| 260 |
_aমেহেরপুর : _bবই সাগর, _c১৯৯৯ |
||
| 300 |
_a[ষোল], ২২২ পৃ. : _bচিত্র ; _c২১ সেমি. |
||
| 650 |
_aলোক সাহিত্য _zমেহেরপুর জেলা (বাংলাদেশ) _9144777 |
||
| 650 |
_aFolk Literature _zMeherpur zila ( Bangladesh ) _9144778 |
||
| 942 |
_2ddc _cBK |
||
| 999 |
_c47641 _d47641 |
||